000 00338pab a2200145 454500
008 180718b1983 xxu||||| |||| 00| 0 eng d
100 _aDeshpande, Anjali
245 _aPost - repe ordeal of a victim
260 _c1983
300 _a25-6
362 _a16 Apr.
650 _aSex Crimes - India
773 _aMainstream
909 _a18067
999 _c18067
_d18067